Příprava v poli pro 1. a 2. ročník : studijní pomůcka /

Hlavní autor: Rak, Luděk
Korporativní autor: Univerzita obrany. Fakulta vojenského leadershipu
Další autoři: Hrdinka, Jan, 1982-
Jazyk: Čeština
Vydáno: Brno : Univerzita obrany, 2023
Vydání: Vydání: první
Témata:
Fyzický popis: 141 stran : barevné ilustrace, mapy ; 21 cm
Knihy
Uloženo v:
LEADER 02323nam a2200613 i 4500
001 nkc20243583258
003 CZ PrNK
005 20240216103557.0
007 ta
008 240111s2023 xr ab e p 000 0 cze
015 |a cnb003583258 
020 |a 978-80-7582-291-8  |q (brožováno) 
035 |a (OCoLC)1425861797 
040 |a BOA001  |b cze  |e rda 
072 7 |a 355/359  |x Vojenství. Obrana země. Ozbrojené síly  |2 Konspekt  |9 15 
072 7 |a 37.016  |x Učební osnovy. Vyučovací předměty. Učebnice  |2 Konspekt  |9 22 
080 |a 355.253  |2 MRF 
080 |a 623.4.02  |2 MRF 
080 |a 355.42  |2 MRF 
080 |a 355.133.4  |2 MRF 
080 |a 355.31  |2 MRF 
080 |a (075.8)  |2 MRF 
100 1 |a Rak, Luděk  |7 ola20191023725  |4 aut 
245 1 0 |a Příprava v poli pro 1. a 2. ročník :  |b studijní pomůcka /  |c Luděk Rak, Jan Hrdinka 
250 |a Vydání: první 
264 1 |a Brno :  |b Univerzita obrany,  |c 2023 
300 |a 141 stran :  |b barevné ilustrace, mapy ;  |c 21 cm 
336 |a text  |b txt  |2 rdacontent 
337 |a bez média  |b n  |2 rdamedia 
338 |a svazek  |b nc  |2 rdacarrier 
500 |a Nad názvem: Univerzita obrany, Fakulta vojenského leadershipu 
500 |a Na obálce označení: S-9080 
500 |a 200 výtisků 
504 |a Obsahuje bibliografii 
650 0 7 |a vojenský výcvik  |7 ph162444  |2 czenas 
650 0 7 |a vojenská střelba  |7 ph161678  |2 czenas 
650 0 7 |a vojenská taktika  |7 ph162447  |2 czenas 
650 0 7 |a vojenské velení  |7 ph127203  |2 czenas 
650 0 7 |a vojenské jednotky  |7 ph871009  |2 czenas 
650 0 9 |a troop training  |2 eczenas 
650 0 9 |a military shooting  |2 eczenas 
650 0 9 |a military tactics  |2 eczenas 
650 0 9 |a military command  |2 eczenas 
650 0 9 |a military units  |2 eczenas 
655 7 |a učebnice vysokých škol  |7 fd133772  |2 czenas 
655 9 |a textbooks (higher)  |2 eczenas 
700 1 |a Hrdinka, Jan,  |d 1982-  |7 mzk20241213872  |4 aut 
710 2 |a Univerzita obrany.  |b Fakulta vojenského leadershipu  |7 mzk2014850241  |4 isb 
910 2 |a BOA001  |b 2-1520.027 
990 |a BK 
995 |a 01 
991 |b 202401  |c NOV 
996 6 |b 2610959224  |c 2-1520.027  |l MZK  |r Sklad / do 1 hodiny  |n 1  |p p.v.  |w 001950596  |u 000010  |a 1  |e BOA001  |j MZK50  |s P 
996 7 |b 2610959225  |c 2-1520.027  |l Vol.výběr  |r VV 0p  |n 3  |p p.v.  |h 355.1 RAK  |w 001950596  |u 000020  |a 0  |e BOA001  |j MZK50  |s A